000 00415nam a2200133Ia 4500
008 191014s9999 xx 000 0 und d
020 _a90-277-1036-8
082 _a515.353
_bPIR
100 _aF.A.E.Pirani,D.C.Robinson and W.F.Shadwick
_920307
245 0 _aLocal Jet Bundle Formulation of Backlund Transformations
260 _aHolland
_bD.Reidel Publiching Company
_c1979
300 _aViii,132
942 _cBK
999 _c530878
_d530878